[Event "ESP-chT Honor Gp2 49th"]
[Site "Sant Lluis"]
[Date "2005.09.01"]
[Round "2"]
[White "Malakhov, Vladimir"]
[Black "Graf, Alexander"]
[Result "1-0"]
[WhiteElo "2673"]
[BlackElo "2605"]
[Annotator "Marin,Mihail"]
[PlyCount "72"]
[EventDate "2005.08.31"]
[EventType "team"]
[EventRounds "5"]
[EventCountry "ESP"]
[SourceTitle "CBM 109"]
[Source "ChessBase"]
[SourceDate "2005.11.14"]
[SourceVersion "1"]
[SourceVersionDate "2005.11.14"]
[SourceQuality "1"]

1. Nf3 {Mueller,Karsten} d5 2. g3 c5 3. c4 d4 4. e3 Nc6 5. exd4 cxd4 6. Bg2 e5 7. O-O Bd6 8. d3 Nge7 {Playing such a sharp system against the reversed Benoni is a rather courageous decision. White's extra-tempo can make a lot of difference compared to the normal Benoni.} 9. Na3 {Against the Penrose attack, the system based on the development of the knight to a6-c7 is considered sligthly dubious. Having an extra-tempo, White can rely on the fact that he will carry out his planned advance of the b-pawn before Black gets started with his storm in the centre. However, this is no guarantee of success yet and the knight might find itself uncomfortable on c2 at a later stage.} ({Personally, I wouldpreffer the system based on the development of the knight to d2, although this might be just a subjective opinion.} 9. a3 a5 10. Nbd2 O-O 11. Re1 (11. Rb1 a4 12. Ne4 Bb8 13. Re1 Kh8 14. Bd2 b6 15. Nh4 $36 {½-½ Speelman,J (2470)-Miles,A (2560)/Chester 1979/MCD (43)}) 11... Ng6 12. Qc2 Bg4 13. Rb1 (13. c5 Bc7 14. Rb1 {[%cal Yd2c4,Yf3d2,Yb2b4]}) 13... Rc8 14. Qa4 Bd7 15. Qb3 b6 16. Ne4 Be7 17. h4 h6 18. Ned2 Qc7 19. Nf1 Bc5 20. Qd1 Rce8 (20... Rfe8 $5 {[%csl Rf8]}) 21. Bd2 Qd6 22. h5 Nge7 23. b4 axb4 24. axb4 Nxb4 25. Nxe5 $14 {1-0 Markowski,T (2475)-Savchenko,S (2570)/London 1994/EXT 2000 (49)}) ({RR} 9. a3 a5 10. Nbd2 O-O 11. Re1 f6 12. Rb1 a4 13. b4 axb3 14. Rxb3 Kh8 15. Qc2 b6 16. Ne4 Bc7 17. c5 Be6 18. Rb1 Bd5 19. cxb6 Bxb6 20. Nfd2 f5 21. Ng5 Ba5 22. Re2 Bxg2 23. Kxg2 Qd5+ {Mendonca,L (2562)-Grischuk,A (2745) Chess.com INT 2022 0-1 (31)}) ({RR} 9. Nbd2 Ng6 10. h4 Bg4 11. Qb3 Qd7 12. Ne4 O-O 13. Nh2 Be6 14. h5 Nge7 15. h6 f5 16. hxg7 Kxg7 17. Nxd6 Qxd6 18. Qxb7 Rab8 19. Qa6 f4 20. Be4 Bh3 21. Re1 Qf6 22. Re2 fxg3 23. fxg3 Rb6 {Milonakis,G (2194)-Holinka,H (2232) Paleochora GRE 2024 1-0 (35)}) 9... O-O 10. Nc2 ({White can try to prepare b4 while keeping the knight on a3 in oder to inhibit ...a5 in view of the possible knight jump to b5.} 10. Rb1 a6 $5 11. Bd2 Rb8 {A typical reaction. Instead of trying to prevent b4 (which is phisically almost impossible), Black prepares to meet it in the most convenient way.} 12. Ng5 {[%cal Yg5e4]} Bc7 (12... f5 $6 13. c5 $1 Bxc5 14. Qb3+ Kh8 15. Nf7+ $16) 13. c5 (13. b4 b5) 13... h6 14. Nf3 Be6 15. Rc1 $13 {[%cal Ya3c4]} b5 $6 16. cxb6 Rxb6 17. Nc4 Bxc4 18. Rxc4 Rxb2 19. Qc1 $44 Rb6 20. Qc2 Bd6 21. Rc1 Qb8 22. Qa4 Nd8 23. Ba5 Rb2 24. Nd2 Qb5 25. Ne4 Bb8 26. Qa3 $36 {1-0 Szymczak,Z-Chrapkowski,G/Bydgoszcz 1976/EXT 2001 (29)}) 10... Ng6 (10... a5 11. b3 {The extra-tempo compared to the normal Benoni allows White to prepare b4 with all the comfort.} (11. Rb1 {0-1 Maki,V (2395)-Shulman,Y (2555)/Pula 1997/CBM 057 ext/[Horn,Pe] (45)}) (11. a3 h6 12. Rb1 a4 13. b4 axb3 14. Rxb3 Ra7 15. Nb4 Bd7 16. Qe2 Re8 17. Nd2 Ng6 18. Nd5 Nce7 19. Ne4 Bc6 20. Nxd6 Qxd6 21. Nxe7+ Rxe7 {½-½ Espig,L (2425)-Lukacs,P (2460)/Leipzig 1983/EXT 2001}) 11... Bg4 (11... h6 12. Re1 Bg4 13. a3 Qd7 14. Rb1 Rab8 15. b4 axb4 16. Nxb4 $14 {½-½ Wexler,B-Letelier Martner,R/Mar del Plata 1959/MCL (49)}) 12. h3 Bh5 13. g4 Bg6 14. Nh4 h6 15. Nxg6 Nxg6 16. a3 Qf6 17. Be4 Rab8 18. Bd2 Nf4 19. Qf3 g6 20. b4 axb4 21. axb4 $16 {1-0 Espig,L (2420)-Enders,P (2330)/Dresden 1985/MCL (46)}) 11. Re1 $146 ({RR} 11. Rb1 a5 12. a3 a4 13. b4 axb3 14. Rxb3 Re8 15. Ng5 h6 16. Ne4 Bf8 17. Nb4 Nce7 18. Nd5 Nxd5 19. cxd5 Kh8 20. Nd2 Rb8 21. Nc4 b5 22. Nd2 Kg8 23. Qc2 Ne7 24. Qc5 Bb7 25. Qxb5 Nxd5 {Walentukiewicz,M (2097)-Sychev,K (2534) Chess.com INT 2022 ½-½ (36)}) ({RR} 11. Rb1 a5 12. b3 Nb4 13. a3 Nxc2 14. Qxc2 Bd7 15. Ng5 Bc6 16. Qe2 Bxg2 17. Kxg2 h6 18. Ne4 f5 19. Nd2 Qd7 20. f3 Rae8 21. Bb2 Qc6 22. Kg1 Bc5 23. Qg2 Qd6 24. Ra1 Kh7 25. Kh1 Qc6 {Zvjaginsev,V (2659)-Shulman,Y (2565) Khanty-Mansiysk 2005 CBM 111 [Mueller,Karsten] ½-½ (83)}) 11... h6 12. Rb1 Bf5 {Black decides to ignore White's plan completely and concentrates his forces in the centre.} 13. Qe2 (13. b4 $5) 13... Qd7 14. b4 Rae8 {This looks like a highly commital move. With a bishop on f5 it is not likely that Black will play ...f5 very soon, in order to activate the f8-rook.} ({In principle, the other rook should go to e8, but the immediate} 14... Rfe8 15. b5 Nd8 $2 {[%cal Yd8e6,Ye6c5] is impossible because of} 16. Ncxd4) ({Therefore,} 14... a6 15. Nd2 Rfe8 {deserves consideration.}) 15. Nd2 Bg4 16. Bf3 Bxf3 $5 {This move, in connection with Black's whole plan, is rather commital.} (16... h5 $5 {[%cal Yf7f5,Ye5e4] looks like a safer continuation.}) 17. Qxf3 e4 $5 {Consequent, but Black will now need high accuracy in order to solve his problems of coordination, such as the passivity of the f8-rook and the difficulties in finding a job for the bishop.} (17... f5 18. Qd5+ Rf7 19. c5 Bc7 20. Qxd7 Rxd7 21. b5 Na5 22. Nb4 $14) 18. Nxe4 Nce5 19. Qe2 Bc7 {White's position certainly looks dangerous. His development is incomplete while his stability on light squares looks rather fragile.} 20. Rd1 $5 {An interesting prophylactical move. White avoids the possible fork on f3, consolidates the d3-pawn and radically prevents the opening of the centre by means of ...xc4. However, it must be said that this move doesn't contribute to the annihilation of the delay in development.} (20. f4 Nxc4 21. dxc4 d3 22. Qd2 dxc2 $1 23. Qxc2 (23. Qxd7 $2 cxb1=Q $19) 23... Qg4 $44 (23... f5 24. Rd1 $1 Qc6 25. Nf2)) 20... Qh3 $6 {Quite natural, but possibly not best.} ({The sacrificial attack starting with} 20... Nh4 21. gxh4 Qh3 {might be insufficient after} 22. f4 Nf3+ 23. Kh1 f5 24. Nf6+ $1 gxf6 25. Qg2+ Qg4 26. h3 $1 Qxg2+ 27. Kxg2 Re2+ {(otherwise, the d4-pawn will fall).} 28. Kxf3 Rxc2 29. Rb2 $16) ({However,} 20... f5 {strongly comes into consideration. In view of the numerous threats, such as f4, h4, xc4, we can state that finally all Black's pieces are actively taking part to the events.} 21. Nc5 Qd6 {[%cal Yf5f4,Yg6h4,Ye5c4]} (21... Qf7 $5) (21... Qc6 {surrenders a pawn, but wins a tempo for the development of the attck.} 22. Nxd4 Qd6 23. Ncb3 f4 $132) 22. Qh5 $6 ({Possibly better is the apparently risky} 22. f4 Nxc4 23. Qf3 Ne3 {when, although Black obviously has some compensation, he will need some time to bring his f8-rook into play. Now,} 24. Bxe3 dxe3 25. Nxb7 {ensures White some stability based on the c5-square.}) 22... Nh4 $1 (22... f4 23. gxf4 {[%csl Ge8][%cal Yh5e8]}) 23. Ne1 $8 (23. gxh4 Ng4 24. f4 g6 $19) 23... Nhf3+ 24. Nxf3 g6 25. Qxh6 Nxf3+ 26. Kh1 Rf7 $40 {[%csl Gh2][%cal Yf7h7,Yd6c6,Gc6h1]}) 21. f4 Ng4 22. Qg2 Qh5 ({When he moved his queen to h3, Black might have missed that after} 22... Qxg2+ 23. Kxg2 f5 {White saves the day with} 24. h3 $1 {when after} fxe4 25. hxg4 exd3 26. Nxd4 {his pawns restrict the activity of the enemy pieces in a rather efficient way, for instance} Re4 27. Bb2 Rd8 28. Nf5 {and White is ready for counter-attack.} (28. Rxd3 $6 Rxf4 $1)) 23. h3 Ne3 24. Nxe3 dxe3 25. Bxe3 {White has won a second pawn and has more or less completed his development. Black still needs to prove his compensation for the sacrificed material.} f5 26. g4 $1 fxg4 27. hxg4 Qh4 28. Bf2 Qd8 29. f5 Nf4 30. Qf3 h5 31. Kh1 Qd7 32. Bg3 hxg4 33. Qxg4 Rxf5 $4 (33... Qxf5 34. Qxf5 Rxf5 35. Rb2 $14 {[%cal Yb2f2,Yb2h2]}) 34. Nf6+ $18 Rxf6 35. Qxd7 Rh6+ 36. Kg1 Re2 1-0

[Event "Hamburg Junge op"]
[Site "Hamburg"]
[Date "2005.10.08"]
[Round "8"]
[White "Maiwald, Jens Uwe"]
[Black "Halkias, Stelios"]
[Result "1-0"]
[WhiteElo "2502"]
[BlackElo "2540"]
[PlyCount "97"]
[EventDate "2005.10.01"]
[EventType "swiss"]
[EventRounds "9"]
[EventCountry "GER"]
[SourceTitle "CBM 108 Extra"]
[Source "ChessBase"]
[SourceDate "2005.11.04"]
[SourceVersion "1"]
[SourceVersionDate "2005.11.04"]
[SourceQuality "1"]

1. e4 e6 2. d3 c5 3. g3 Nc6 4. Bg2 d5 5. Nd2 g6 6. Ngf3 Bg7 7. O-O Nge7 8. Re1 b6 9. c3 O-O 10. Qe2 d4 11. e5 dxc3 12. bxc3 Ba6 13. Nc4 Qd7 $146 ({RR} 13... Bxc4 14. dxc4 Qd7 15. Bf4 Na5 16. Nd2 Rad8 17. Bf1 Nec6 18. Ne4 Nxe5 19. Bxe5 Bxe5 20. Nxc5 bxc5 21. Qxe5 Qe7 22. Rab1 Nc6 23. Qe3 Rc8 24. Rb5 Nd8 25. Bg2 Rc7 26. f4 f6 27. Ra5 Qd6 28. Bf3 {Kopp,P (2210)-Weigand,B Hessen 1991 ½-½ (54)}) 14. Bg5 h6 15. Bf6 Nd5 16. Bxg7 Kxg7 17. Qd2 Rad8 18. Re4 Nde7 19. Rd1 Qc7 20. Qf4 Nd5 21. Qc1 Nde7 22. Qf4 Nd5 23. Qc1 Bxc4 24. dxc4 Nde7 25. Rde1 Rd3 26. Qc2 Rd7 27. h4 h5 28. Rf4 Nf5 29. Bh3 Nce7 30. Ng5 Rh8 31. Kh2 a6 32. Re2 Rh6 33. f3 Nc6 34. Qe4 Nd8 35. g4 hxg4 36. fxg4 Rxh4 37. gxf5 exf5 38. Qf3 Rh8 39. Qg3 Ne6 40. Rxf5 Nxg5 41. Rxg5 Qd8 42. e6 Rxh3+ 43. Qxh3 Rd2 44. Rgg2 Rd3 45. Rg3 Rd2 46. Rgg2 Qb8+ 47. Qg3 Qh8+ 48. Kg1 Rd1+ 49. Re1 1-0

[Event "Stepanakert-B"]
[Site "Stepanakert"]
[Date "2005.10.10"]
[Round "8"]
[White "Petrosian, Tigran L"]
[Black "Lopez Martinez, Josep Manuel"]
[Result "1-0"]
[WhiteElo "2564"]
[BlackElo "2505"]
[PlyCount "135"]
[EventDate "2005.10.02"]
[EventType "tourn"]
[EventRounds "9"]
[EventCountry "ARM"]
[EventCategory "11"]
[SourceTitle "CBM 110"]
[Source "ChessBase"]
[SourceDate "2006.01.31"]
[SourceVersion "1"]
[SourceVersionDate "2006.01.31"]
[SourceQuality "1"]

1. Nf3 d5 2. g3 c6 3. Bg2 Bf5 4. d3 e6 5. Nbd2 Nf6 6. O-O h6 7. b3 Be7 8. Bb2 O-O 9. Re1 a5 10. e4 Bh7 11. a4 Na6 12. e5 ({RR} 12. Ne5 Nd7 13. Nxd7 Qxd7 14. Qg4 d4 15. e5 Rad8 16. Ne4 Kh8 17. h4 Nb4 18. Qe2 Rfe8 19. g4 Bxe4 20. Bxe4 Bxh4 21. Rf1 f5 22. exf6 gxf6 23. f4 Rg8 24. Kh1 f5 25. Bf3 c5 26. Qh2 Bf6 {Lavrov,M (2344)-Tyukhanov,A (2218) chess.com INT 2025 1-0 (32)}) 12... Nd7 13. Nd4 Qb6 14. Qe2 Nb4 $146 ({RR} 14... Rac8 15. Kh1 c5 16. Nb5 Nc7 17. c4 Nxb5 18. axb5 d4 19. f4 Qc7 20. Ne4 Rce8 21. Bc1 b6 22. Bd2 f6 23. exf6 Nxf6 24. Nxf6+ Bxf6 25. Be4 e5 26. Bxh7+ Kxh7 27. Qe4+ Kh8 28. f5 Qd8 29. h4 {Polanco Nunez,Y (2196)-Mendez Ramirez,V (2111) Santo Domingo 2021 ½-½ (46)}) ({RR} 14... Rac8 15. Kh1 c5 16. Nb5 Nc7 17. c4 Nxb5 18. axb5 d4 19. f4 Qc7 20. Ne4 Rce8 21. Bc1 b6 22. Bd2 f6 23. exf6 Nxf6 24. Nxf6+ Bxf6 25. Be4 e5 26. Bxh7+ Kxh7 27. Qe4+ Kh8 28. f5 Qd8 29. h4 {Polanco Nunez,Y (2196)-Mendez Ramirez,V (2111) Santo Domingo 2021 ½-½ (46)}) 15. Rec1 Rfe8 16. N2f3 Rac8 17. Qd2 Red8 18. Bf1 Qc7 19. Re1 Qb8 20. Ba3 c5 21. c3 Na6 22. Nb5 Nc7 23. d4 Be4 24. Qd1 Nxb5 25. Bxb5 Bf8 26. Nd2 Bg6 27. Qg4 cxd4 28. Bxf8 Kxf8 29. Qxd4 Qc7 30. Rac1 Qc5 31. b4 axb4 32. Qxc5+ Nxc5 33. cxb4 Nd3 34. Bxd3 Bxd3 35. Nb3 b6 36. Nd4 Ra8 37. Re3 Bc4 38. Ra3 Rd7 39. f4 Rda7 40. Rca1 g6 41. Kf2 h5 42. Ke3 Rc7 43. b5 Rca7 44. Kd2 Ke8 45. Kc3 Rc7 46. Kb4 Ra5 47. Rc1 Kd7 48. h3 Kc8 49. g4 hxg4 50. hxg4 Kb7 51. Rh3 Ra8 52. Rh7 Rf8 53. Rc3 Re8 54. Nc6 Rec8 55. Rh2 Bf1 56. Rf3 Bc4 57. f5 gxf5 58. gxf5 exf5 59. Rxf5 Bd3 60. Rf6 Be4 61. a5 bxa5+ 62. Nxa5+ Ka8 63. Ra2 Ra7 64. b6 Rb8 65. Kc5 Rc8+ 66. Kd4 Rc4+ 67. Ke3 Re7 68. Nxc4+ 1-0

[Event "Samba Cup 2nd"]
[Site "Skanderborg"]
[Date "2005.10.21"]
[Round "7"]
[White "Bruzon Batista, Lazaro"]
[Black "Carlsen, Magnus"]
[Result "1-0"]
[WhiteElo "2677"]
[BlackElo "2570"]
[Annotator "Postny,Evgeny"]
[PlyCount "59"]
[EventDate "2005.10.14"]
[EventType "tourn"]
[EventRounds "9"]
[EventCountry "DEN"]
[EventCategory "16"]
[SourceTitle "CBM 110"]
[Source "ChessBase"]
[SourceDate "2006.01.31"]
[SourceVersion "1"]
[SourceVersionDate "2006.01.31"]
[SourceQuality "1"]

1. e4 c5 2. Nf3 e6 3. d3 {Avoiding the main lines of Paulsen.} Nc6 4. g3 g6 5. Bg2 Bg7 6. O-O Nge7 7. c3 O-O 8. d4 cxd4 9. cxd4 d5 10. e5 {A "French type" pawn structure has arised.} f6 (10... Qb6 11. Nc3 Nf5 12. Na4 Qc7 13. Bf4 b5 14. Nc3 Qb6 15. Ne2 f6 16. exf6 Bxf6 17. Be5 Nxe5 18. dxe5 Be7 19. Qd2 Bd7 20. Kh1 Kg7 21. g4 Nh6 22. h3 Nf7 23. Ned4 $14 {½-½ Psakhis,L (2610)-Shaked,T (2445)/Honolulu 1997/EXT 98 (30)}) (10... Nf5 11. Nc3 f6 12. g4 Nfe7 13. exf6 Rxf6 14. Be3 Rf8 15. Qd2 Bd7 16. h3 Nc8 17. Rfe1 Nd6 18. b3 Qa5 19. Rac1 Rac8 $11 {1-0 Zhang Zhong (2607)-Kobalija,M (2581)/Ubeda 2001/CBM 080 ext (64)}) 11. Re1 fxe5 ({A highly interesting game was played earlier this year:} 11... Nf5 12. Nc3 Kh8 13. g4 Nh4 14. Nxh4 fxe5 15. Nxg6+ hxg6 16. dxe5 Nxe5 17. Be3 Qf6 18. Bc5 Rf7 19. Re3 Qxf2+ 20. Kh1 Kg8 $2 (20... Qf4 $1) 21. Nxd5 $1 exd5 22. Qxd5 Bd7 23. Rxe5 Qxb2 24. Rf1 Qxg2+ 25. Kxg2 Bc6 26. Qxc6 bxc6 27. Rxf7 Bxe5 28. Re7 Bf4 29. Rxa7 $16 {1-0 Vescovi,G (2645)-Volokitin,A (2685)/Bermuda BER 2005/The Week in Chess 535 (44)}) ({RR} 11... Qb6 12. Nc3 Nf5 13. Na4 Qc7 14. g4 fxe5 15. gxf5 e4 16. fxe6 exf3 17. Bxf3 Nxd4 18. Bxd5 Rxf2 19. e7+ Be6 20. Bxe6+ Nxe6 21. Kxf2 Qxh2+ 22. Ke3 Qg3+ 23. Kd2 Qg5+ 24. Kc2 Qf5+ 25. Kd2 Qg5+ 26. Kc2 {Amin,B (2652)-Vitiugov,N (2741) Antalya 2013 ½-½}) ({RR} 11... Nf5 12. Nc3 Qb6 13. Na4 Qc7 14. exf6 Bxf6 15. Bf4 Qd8 16. Be5 Bxe5 17. dxe5 Bd7 18. Nc5 b6 19. Nd3 Rc8 20. Rc1 Qe7 21. Qd2 Nfd4 22. Nxd4 Nxd4 23. Nf4 Nf5 24. h4 Rc5 25. b4 Rcc8 26. a3 {Brizzi,M (2114)-Herrera,S (1880) Buenos Aires ARG 2024 1-0 (36)}) 12. dxe5 Rf5 $146 {[%csl Re5] Quite an awkward move, but Carlsen's idea is rather concrete.} (12... h6 13. h4 Nf5 14. Nc3 Bd7 15. Bf4 Rc8 (15... Be8 16. Qd2 Rc8 17. Rac1 Rc7 18. Nh2 Rcf7 19. Ng4 Kh7 20. b3 $2 Nxh4 $17 {1-0 Morozevich,A (2718)-McDonald,N (2389)/Birmingham 2002/CBM 084 ext (48)}) 16. Qd2 Kh7 17. Rad1 Qa5 18. Nh2 d4 19. Ng4 h5 20. Nf6+ Bxf6 21. exf6 e5 22. Bg5 Be6 23. Ne4 $16 {1-0 Vescovi,G (2592)-Markowski,T (2574)/Bermuda 2003/CBM 094 (59)}) (12... Bd7 13. Nc3 Rc8 14. Bf4 Nf5 15. Qd2 Na5 16. b3 b5 $4 (16... h6) 17. Bg5 Qb6 18. g4 $18 {[%csl Rf5] 1-0 Ljubojevic,L (2565)-Tatai,S (2430)/Manila 1973/EXT 98 (24)}) 13. Bf4 $146 ({RR} 13. Bh3 Nxe5 14. Bxf5 Nxf3+ 15. Qxf3 Nxf5 16. Nc3 Nd4 17. Qd1 Qf8 18. Kg2 Qf5 19. g4 Qf7 20. f4 Bd7 21. h3 Bc6 22. Be3 Nf5 23. gxf5 d4+ 24. Kh2 Qxf5 25. Rc1 dxc3 26. bxc3 Qe4 27. Qc2 Qc4 {Amin,B (2641)-Prathamesh,S (2389) Dubai 2013 1-0 (43)}) 13... Qf8 14. Qd2 ({Bruzon was probably concerned about a possible exchange sacrifice:} 14. Nc3 Rxf4 $5 15. gxf4 Qxf4 $44) 14... g5 15. Nxg5 Ng6 16. Nc3 Nxf4 (16... Ncxe5 $6 17. Bxe5 Nxe5 (17... Rxe5 18. f4 Rxe1+ 19. Rxe1 $16 {[%csl Re6]}) 18. f4 Nc4 19. Qe2 Nxb2 20. Rac1 $1 (20. Qxb2 $2 Qc5+ {[%csl Rc3,Rg1]}) (20. Nxe6 $2 Bxe6 21. Qxe6+ Kh8 22. Nxd5 Nd3 $17 {[%csl Ra1,Re1,Rg1]}) 20... Qc5+ (20... Rxg5 21. fxg5 Qc5+ 22. Kh1 Bxc3 23. Qxb2 Bxb2 24. Rxc5 $18) 21. Kh1 Bxc3 22. Nxe6 Bxe6 23. Qxe6+ Rf7 24. Bxd5 Raf8 25. Re3 Na4 26. Bb3 $18) 17. gxf4 Rxf4 {It looks like black is doing great, but the next move frustrates his plans...} {[%tqu "En","What would you suggest for Black?","","","c3d5","White does not get anything concrete after this, the idea of the sacrifice is rather positional.",20]} 18. Nxd5 $3 {[%mdl 512] White does not get anything concrete after this, the idea of the sacrifice is rather positional.} exd5 19. Qxd5+ Kh8 20. e6 {[%csl Ya8,Yc8] Black's queenside pieces are out of play now, which gives white a definite compensation for the sacrificed piece. It's extremely hard to evaluate this position, but it's clear that psychologically it's much easier to play this position as white.} Qe7 (20... Bxb2 21. Nf7+ Rxf7 22. exf7 Bxa1 23. Re8 Bg4 24. Qe4 Bh5 25. Rxf8+ Rxf8 26. Qb1 Bg7 27. Qxb7 Ne5 {[%csl Rf7]} 28. Qxa7 Rxf7 $13) 21. Rad1 Nd4 22. Kh1 $1 {Calmly played. White simply moving his king to a safer square clearly indicating that he is not really concerned about opponent's extra piece...} (22. Nf7+ Kg8 23. Qd8+ Qxd8 24. Nxd8 {[%csl Ge6][%cal Ge6e7,Ge7e8]} Kf8 25. e7+ Ke8 26. Nxb7 Bxb7 27. Bxb7 Rb8 28. Rxd4 Rxd4 29. Bc6+ Rd7 $17) 22... Rb8 23. Re5 Nc6 $2 {The decisive mistake.} (23... Bd7 $3 24. Rxd4 (24. exd7 Bxe5 25. Ne6 Qxe6 26. d8=Q+ Rxd8 27. Qxd8+ Qg8 $19) (24. Qxd7 Qxd7 25. exd7 Bxe5 26. Re1 h6 27. Rxe5 hxg5 28. Re8+ Rf8 $19) 24... Bc6 25. Rxf4 $1 Bxd5 26. Nf7+ Kg8 27. Bxd5 Bxe5 28. Nxe5 {[%cal Gf4g4]} h5 29. Rf3 {[%cal Gf3g3]} Qb4 30. e7+ (30. Nd7 Qb5 {[%cal Gb5f1,Gb5d5]} 31. e7+ Kg7 32. Rg3+ Kh8 33. Nxb8 Qxd5+ 34. Kg1 Qd1+ 35. Kg2 Qd5+ $11) 30... Kg7 31. Rf7+ Kh6 32. Rf6+ Kg7 33. Rf7+ Kh6 $11) 24. Rf5 $18 Bxe6 {Desperation. However, the alternatives are not better.} (24... Rg4 25. Nf7+ Kg8 26. Nd8 {[%cal Cc6b4,Cb4d5,Gf5f7,Gd8c6]} Nb4 27. Qb3 $18) (24... Rxf5 25. Qxf5 Bf6 26. Bxc6 bxc6 27. Rd8+ Qxd8 28. Qxh7#) 25. Nxe6 Rxf5 26. Qxf5 Bxb2 {The position is now materially equal, but white's attack is irresistible.} 27. Be4 Rg8 28. Rd3 {[%csl Rh7][%cal Gd3h3]} Ne5 29. Rb3 (29. Rh3 $18) 29... Qh4 30. Rh3 1-0

[Event "SUI-chT"]
[Site "Switzerland"]
[Date "2006.02.26"]
[Round "1.2"]
[White "Hickl, Joerg"]
[Black "Jenni, Florian"]
[Result "1-0"]
[WhiteElo "2608"]
[BlackElo "2515"]
[PlyCount "99"]
[EventDate "2006.02.26"]
[EventType "team-tourn"]
[EventRounds "9"]
[EventCountry "SUI"]
[SourceTitle "CBM 111 Extra"]
[Source "ChessBase"]
[SourceDate "2006.05.09"]
[SourceVersion "1"]
[SourceVersionDate "2006.05.09"]
[SourceQuality "1"]
[WhiteTeam "Riehen"]
[BlackTeam "Zuerich"]
[WhiteTeamCountry "SUI"]
[BlackTeamCountry "SUI"]

1. Nf3 Nf6 2. g3 d5 3. Bg2 c6 4. b3 Bg4 5. Bb2 Nbd7 6. d3 e6 7. O-O Bc5 8. c4 O-O 9. Na3 ({RR} 9. Nc3 Qe7 10. a3 a5 11. h3 Bh5 12. cxd5 cxd5 13. Nb5 Qd8 14. Nfd4 Qb6 15. a4 h6 16. f4 Rfe8 17. Kh1 e5 18. fxe5 Rxe5 19. g4 Bxg4 20. hxg4 Nxg4 21. e4 Qg6 22. Rf3 dxe4 23. dxe4 Rh5+ {Salinas Herrera,P (2498)-Curi,G (2185) Sao Paulo 2019 0-1 (49)}) 9... a5 10. Nc2 b5 $146 ({RR} 10... Re8 11. a3 b5 12. b4 Bf8 13. c5 Qc7 14. Re1 e5 15. e4 d4 16. h3 Be6 17. Bc1 h6 18. Bd2 Ra6 19. Rf1 Rea8 20. Rb1 axb4 21. axb4 Ra2 22. Nfe1 Nh7 23. f4 f6 24. h4 Be7 25. Kh2 {Hickl,J (2554)-Pelletier,Y (2587) Playchess.com INT 2004 1-0 (60)}) 11. Qd2 Bxf3 12. Bxf3 Qb6 13. Rab1 bxc4 14. bxc4 Qa7 15. e3 Qa6 16. Be2 Bd6 17. Ba3 Bxa3 18. Nxa3 Rfb8 19. d4 Ne4 20. Qc2 Qc8 21. Bd3 Nef6 22. Rfc1 Qf8 23. Qc3 c5 24. Nb5 Rc8 25. Qd2 cxd4 26. exd4 dxc4 27. Bxc4 Nb6 28. Bd3 Qd8 29. Rxc8 Nxc8 30. Qf4 Ne7 31. Nd6 Ned5 32. Qe5 Nb4 33. Bc4 Nc6 34. Qc5 Rb8 35. Rxb8 Nxb8 36. Nb7 Qe8 37. Nxa5 Nbd7 38. Qb5 Qf8 39. Nc6 Qa3 40. Ne5 Qd6 41. Nf3 Qa3 42. Ne5 Qd6 43. Nxd7 Nxd7 44. d5 exd5 45. Qxd5 Qe7 46. a4 Nb6 47. Qc6 Nxc4 48. Qc8+ Qf8 49. Qxc4 Qb8 50. Qb5 1-0

[Event "EU-ch 7th"]
[Site "Kusadasi"]
[Date "2006.04.13"]
[Round "9"]
[White "Miroshnichenko, Evgenij"]
[Black "L'Ami, Erwin"]
[Result "1-0"]
[WhiteElo "2619"]
[BlackElo "2550"]
[PlyCount "83"]
[EventDate "2006.04.04"]
[EventType "swiss"]
[EventRounds "13"]
[EventCountry "TUR"]
[SourceTitle "CBM 111 Extra"]
[Source "ChessBase"]
[SourceDate "2006.05.09"]
[SourceVersion "1"]
[SourceVersionDate "2006.05.09"]
[SourceQuality "1"]

1. Nf3 Nf6 2. g3 g6 3. c4 Bg7 4. Bg2 O-O 5. O-O c6 6. d3 d5 7. Nbd2 Nbd7 8. Rb1 e5 9. b4 ({RR} 9. Qc2 Re8 10. e4 dxe4 11. dxe4 Nc5 12. b4 Ncxe4 13. Nxe4 Nxe4 14. Nxe5 Rxe5 15. Bxe4 Rxe4 16. Be3 Bf5 17. Rbd1 Qe8 18. Qb3 Rd8 19. Rxd8 Qxd8 20. Bxa7 Bh3 21. Rd1 Qd2 22. Qb1 Qe2 23. Bc5 h6 {Wang,S (1607)-Sun,Y (1092) Shanghai CHN 2024 0-1}) 9... e4 ({RR} 9... Re8 10. e4 dxe4 11. Nxe4 Nxe4 12. dxe4 Qe7 13. c5 Nf8 14. Bb2 a5 15. a3 axb4 16. axb4 Bg4 17. Qc2 h6 18. h3 Bxf3 19. Bxf3 h5 20. Ra1 Rab8 21. h4 Ne6 22. Qc4 Red8 23. Rfd1 Nd4 24. Bg2 {Guerb,L (2295)-Pranav,V (2545) chess.com INT 2023 0-1 (32)}) 10. Ne1 Qe7 $146 ({RR} 10... exd3 11. Nxd3 Nb6 12. c5 Nc4 13. Qc2 Nxd2 14. Bxd2 Re8 15. Bc3 d4 16. Ba1 Nd5 17. b5 Bf5 18. bxc6 bxc6 19. Rfe1 Be4 20. Bxe4 Rxe4 21. Rb7 Qa5 22. Reb1 Rae8 23. Rb8 Qc7 {½-½ (23) Lanka,Z (2413)-Krause,B (2347) Bargteheide 2015}) 11. cxd5 e3 12. fxe3 Nxd5 13. Bxd5 Qxe3+ 14. Rf2 cxd5 15. Nc2 Qb6 16. Nb3 Ne5 17. Be3 Qe6 18. Bd4 b6 19. Qd2 Bd7 20. Rbf1 Rac8 21. Ne3 Ba4 22. Qb2 Bxb3 23. axb3 f5 24. Ng2 Bf6 25. Nf4 Qd6 26. h3 Nd7 27. Bxf6 Nxf6 28. Qd4 Rfe8 29. Ra1 Rc7 30. h4 Qe5 31. Qxe5 Rxe5 32. Rff1 Kf7 33. Rfc1 Rce7 34. Rc6 d4 35. Rd6 h6 36. Rc1 g5 37. hxg5 hxg5 38. Nh3 Rxe2 39. Nxg5+ Kg6 40. Nf3 R7e3 41. Nxd4 Rxd3 42. Rxf6+ 1-0